Inspirations/ (Record no. 201605)
[ view plain ]
| 000 -LEADER | |
|---|---|
| fixed length control field | 00646nam a22001937a 4500 |
| 005 - DATE AND TIME OF LATEST TRANSACTION | |
| control field | 20240320104431.0 |
| 010 ## - LCCN (DPL NO) | |
| LC control number | ENG-139633 |
| 020 ## - INTERNATIONAL STANDARD BOOK NUMBER | |
| International Standard Book Number | 9789354423130 |
| Terms of availability | 130.00 |
| 035 ## - SYSTEM CONTROL NUMBER | |
| System control number | EN-123165 |
| 037 ## - SOURCE OF ACQUISITION | |
| Source of stock number/acquisition | DBAD/PUB |
| 082 ## - DEWEY DECIMAL CLASSIFICATION NUMBER | |
| Classification number | 880 |
| Edition number | 1 |
| 245 ## - TITLE STATEMENT | |
| Title | Inspirations/ |
| Statement of responsibility, etc | Edited By B.B Choubey...[et.al] |
| 250 ## - EDITION STATEMENT | |
| Edition statement | 1 |
| 260 ## - PUBLICATION, DISTRIBUTION, ETC. (IMPRINT) | |
| Place of publication, distribution, etc | Hyderabad |
| Name of publisher, distributor, etc | Orient Blackswan Private Ltd |
| Date of publication, distribution, etc | 2022 |
| 270 ## - ADDRESS | |
| Address | 3-6-752, Himayatnagar |
| City | Hyderabad |
| Postal code | 500029 |
| Electronic mail address | info@orintblackswan.com |
| 300 ## - PHYSICAL DESCRIPTION | |
| Extent | 184p. |
| Dimensions | 21cm(pbk) |
| 500 ## - GENERAL NOTE | |
| General note | BA Part I (Semesdter I & II ) Compulsory English at Sant Gadge Baba Amravati University |
| 942 ## - ADDED ENTRY ELEMENTS (KOHA) | |
| Source of classification or shelving scheme | Dewey Decimal Classification |
| Classification part | 880 |
| Item type | English Books |
| Call number suffix | INS |
| Edition | 1 |
| Withdrawn status | Lost status | Not for loan | Collection code | Home library | Current library | Date acquired | Source of acquisition | Cost, normal purchase price | Full call number | Barcode | Copy number | Cost, replacement price | Koha item type |
|---|---|---|---|---|---|---|---|---|---|---|---|---|---|
| Non-fiction | Central Library | Central Library | 20/03/2024 | DBAD/PUB | 130.00 | 880 INS | EN-123165 | 1 | 130.00 | English Books |
